000 02278nam0a2200409 4500
001 RU\NLR\BIBL_A\012733292
005 20260408213005.0
010 _a978-5-7038-5733-5
_9131
021 _aRU
_b2021-80559
_9КН-П-6408
035 _a(NLR Aleph) 012733292
035 _a(RuMoRGB)010883858
090 _a12979244
_c12979244
100 _a20220318d2021 u y0rusy50 ca
101 0 _arus
102 _aRU
105 _aa j 000zy
181 0 _ai3
_baxxe
182 1 _an
200 1 _aОсновы цифровой идентификации субъектов доступа
_eучебное пособие
_eдля самостоятельного изучения студентами магистратуры, обучающимися по специальностям, связанным с защитой информации
_fА. Г. Сабанов
_gФедеральное государственное бюджетное образовательное учреждение высшего образования "Московский государственный технический университет имени Н. Э. Баумана (национальный исследовательский университет)"
203 _aТекст
_bвизуальный
_cнепосредственный
210 _aМосква
_cИзд-во МГТУ им. Н. Э. Баумана
_d2021
215 _a57, [1] с.
_cил., табл.
_d24
225 1 _aУчебное пособие МГТУ им. Н. Э. Баумана
320 _aБиблиогр.: с. 56-57 (22 назв.)
606 _aИдентификация (киберн.)
_jУчебные издания для самообразования
_3RU\NLR\AUTH\6601687908
_92477933
610 0 _aидентификация пользователя
610 0 _aуправление доступом
610 0 _aаутентификация
675 _a004.056(075.8)
_v4
686 _aЗ973.233.02-07-5-05я73-1
_2rubbk
686 1 _aЗ811я78-1
700 1 _aСабанов
_bА. Г.
_gАлексей Геннадьевич
942 _cBOOK
980 _aNB